00661nam a2200229 a 4500001001300000003000900013005001700022008004100039020001000080082002000090245004900110260004100159300000900200500003500209505001000244650002000254710002700274902000800301942000700309952010000316999001500416nice12345678IN_TiNIC20260116011652.0050524s1934 laha grp 000 0 urd  ac10000a225.591439bCAT aHamare Khudawand Yesu Masih Ka Ahd-E-Jadeed. aLahorebCatholic Truth Societyc1934 a572p aincludes index and biblioraphy2 aIndex aBible N.T. Urdu2 aCatholic Truth Society bSRS cBK 00104070aHMIbHMId2007-08-01g100.00l0o225.591439 CATp5886r2007-08-01w2026-01-16yARB c3281d3281